|
|
|
|
| LEADER |
00000nab a2200000 a 4500 |
| 001 |
vtls000819438 |
| 003 |
SK-MaSNL |
| 005 |
20260304204458.0 |
| 008 |
250429c2001 xo 0 slo |
| 015 |
|
|
|a SNBRB2002/12-42366
|
| 035 |
|
|
|a CLN000171093
|
| 035 |
|
|
|a urn:nbn:sk:snk-abag6x
|
| 035 |
|
|
|a (urnnbn)urn:nbn:sk:snk:ar-007gix
|
| 035 |
|
|
|a (uuid)5e598b70-6fef-4d5f-b9b3-8de449fadbd4
|
| 040 |
|
|
|a SNKBUCL
|b slo
|c SNKBUCL
|e AACR2
|
| 041 |
0 |
|
|a slo
|
| 044 |
|
|
|a xo
|c SK
|
| 080 |
|
|
|a 621.38
|2 1997
|
| 080 |
|
|
|a 621.315.5
|2 1997
|
| 245 |
0 |
0 |
|a Ohýbané viacvrstvové moduly na báze LTCC keramiky
|c Alena Pietriková ... [et al.]
|
| 300 |
|
|
|b Grafy, sch., obr.
|
| 504 |
|
|
|a Res. angl.
|
| 504 |
|
|
|a Bibliogr. odkazy
|
| 504 |
|
|
|a Biogr. údaje
|
| 650 |
0 |
7 |
|a elektronika
|x keramika LTCC
|x moduly viacvrstvové ohýbané
|2 snkbucl
|9 1537812
|
| 650 |
0 |
7 |
|a keramika LTCC
|2 snkbucl
|9 1537813
|
| 655 |
|
7 |
|a články z novín a časopisov
|2 snkbucl
|9 267496
|
| 700 |
1 |
|
|a Pietriková, Alena,
|d 1956-
|4 aut
|9 257214
|
| 700 |
1 |
|
|a Slosarčík, Stanislav,
|d 1957-
|4 aut
|9 1377115
|
| 700 |
1 |
|
|a Šaliga, Ján,
|d 1958-
|4 aut
|9 156345
|
| 700 |
1 |
|
|a Kokuľa, Radoslav,
|d 1975-
|4 aut
|9 24339
|
| 773 |
0 |
|
|t Acta electrotechnica et informatica
|g Roč. 1, č. 1 (2001), s. 39-44
|x 1335-8243
|
| 850 |
|
|
|a Slovenská národná knižnica
|
| 852 |
|
|
|a Slovenská národná knižnica
|
| 954 |
|
|
|a odborná, vedecká literatúra pôvodná (slovenská)
|2 lita
|
| 958 |
|
|
|a article14
|
| 958 |
|
|
|a OND
|
| 958 |
|
|
|a NB
|
| 958 |
|
|
|a EUIPO
|
| 992 |
|
|
|a RBX
|
| 999 |
|
|
|c 3116233
|d 3118163
|